| 000 | 01032nam a22001935i 4500 | ||
|---|---|---|---|
| 001 | 155292 | ||
| 003 | ES-MaACL | ||
| 005 | 20230906210025.0 | ||
| 008 | 040720s1887 sp |||| | spa d | ||
| 040 |
_aCAM _bspa _cCAM |
||
| 100 | 1 |
_aHering, Constantin. _9127881 |
|
| 245 | 1 | 0 |
_aMedicina homeopática doméstica ó Guía de las familias para que sus individuos puedan tratarse por sí mismos homeopáticamente... / _cpor C. Hering ; traducida al español, revisada, corregida, anotada y ... aumentada, especialmente en nociones de higiene, profilaxis y parte relativa á la América é islas Filipinas por Angel Alvarez de Araujo y Cuéllar. |
| 250 | _a10ª ed. española, tercera tirada... | ||
| 260 |
_aMadrid : _bLibrería Editorial de Carlos Bailly-Baillière, _c1887. |
||
| 300 |
_aCXXXVI, 579, 5 p. ; _c18 cm. |
||
| 650 | 0 | 4 |
_aHomeopatía. _913463 |
| 700 | 1 |
_aAlvarez de Araújo y Cuéllar, Angel. _9125637 |
|
| 852 |
_aES-MaACL _jZ-33 _z-- Enc. pasta española _z-- Legado de Modesto de la Fuente _xOlim: D-2124. |
||
| 999 |
_c155292 _d155292 |
||